00799nam a2200205 i 450000100060000000300090000600500170001500700030003200800410003510000300007624501480010626000350025430000220028970000340031170000370034570000400038285200320042299900170045495201220047181475ES-MaACL20230906174438.0t|041104s1966 sp ||||1| spa d1 aHubatsch, Walther.96447813aLa cuestión alemana / cpor Walther Hubatsch ; con la colaboración de Wolfgang Heidelmeyer ; [versión, Luis y María Santiago de Pablo]. aBarcelona : bHerder, c[1966] a401 p. ; c20 cm.1 aHeidelmeyer, Wolfgang.9623401 aSantiago de Pablo, Luis.91033971 aSantiago de Pablo, María.9103398 aES-MaACLjC-31810 bR.62056 c81475d81475 00104070aATENEOMbATENEOMcDEPO2d2008-01-17eSCl0oC-31810p1085167r2023-02-23 00:00:00w2023-02-23yMONOGRAFIA